00513nam a22001817a 450000500170000001000140001702000220003102000250005303500130007803700130009108200110010410000150011524500510013026000320018127000570021330000210027050000400029120100809103132.0 aENG-99045 a818998506Xc75.00 a9788189985066c75.00 aEN-82577 bDBAD/PUB a883.08 aPalani, N. aGeetha hariharan and her women /cby N. Palani aChennaibMayura Booksc2009 aNo.12/1, East Mada Street, MytaporebChennaie600004 a72p.c21cm (pbk) aIncludes bibliographical references